<?xml version="1.0" encoding="UTF-8"?>
<collection xmlns="http://www.loc.gov/MARC21/slim">
 <record>
  <leader>00880nas a22002531  4500</leader>
  <controlfield tag="001">1/51024</controlfield>
  <controlfield tag="008">021016c19929999enkbrzp           a0eng d</controlfield>
  <datafield tag="022" ind1=" " ind2=" ">
   <subfield code="a">1054-7460</subfield>
  </datafield>
  <datafield tag="035" ind1=" " ind2=" ">
   <subfield code="l">24030</subfield>
  </datafield>
  <datafield tag="090" ind1=" " ind2=" ">
   <subfield code="a">Αλφαβητική σειρά</subfield>
  </datafield>
  <datafield tag="245" ind1="0" ind2="0">
   <subfield code="a">Presence :</subfield>
   <subfield code="b">teleoperators and virtual environments</subfield>
  </datafield>
  <datafield tag="260" ind1=" " ind2=" ">
   <subfield code="a">Cambridge :</subfield>
   <subfield code="b">MIT Press,</subfield>
   <subfield code="c">1992-</subfield>
  </datafield>
  <datafield tag="300" ind1=" " ind2=" ">
   <subfield code="a">v. :</subfield>
   <subfield code="b">ill. ;</subfield>
   <subfield code="c">28 cm.</subfield>
  </datafield>
  <datafield tag="310" ind1=" " ind2=" ">
   <subfield code="a">Bimonthly</subfield>
  </datafield>
  <datafield tag="362" ind1="0" ind2=" ">
   <subfield code="a">Vol.7, no.1(Jan. 1998)-v.8, no.6(Dec. 1999)</subfield>
  </datafield>
  <datafield tag="546" ind1=" " ind2=" ">
   <subfield code="a">English</subfield>
  </datafield>
  <datafield tag="650" ind1=" " ind2="4">
   <subfield code="a">Manipulators (Mechanism)</subfield>
   <subfield code="v">Periodicals.</subfield>
  </datafield>
  <datafield tag="650" ind1=" " ind2="4">
   <subfield code="a">Robotics</subfield>
   <subfield code="v">Periodicals.</subfield>
  </datafield>
  <datafield tag="650" ind1=" " ind2="4">
   <subfield code="a">Human</subfield>
   <subfield code="x">Computer interaction</subfield>
   <subfield code="v">Periodicals.</subfield>
  </datafield>
  <datafield tag="650" ind1=" " ind2="4">
   <subfield code="a">Virtual reality</subfield>
   <subfield code="v">Periodicals.</subfield>
  </datafield>
  <datafield tag="650" ind1=" " ind2="4">
   <subfield code="a">Human-machine systems</subfield>
   <subfield code="v">Periodicals.</subfield>
  </datafield>
  <datafield tag="856" ind1="4" ind2="1">
   <subfield code="u">http://uclibs.org/PID/7513</subfield>
  </datafield>
  <datafield tag="950" ind1=" " ind2=" ">
   <subfield code="c">ΑΡΧΕΙΟ ΠΕΡΙΟΔΙΚΩΝ</subfield>
   <subfield code="d">529</subfield>
  </datafield>
  <datafield tag="951" ind1=" " ind2=" ">
   <subfield code="a">Vol.7 no.1(Jan. 1998) -  (v.8 no.6(Dec. 1999)</subfield>
   <subfield code="b">Main run</subfield>
  </datafield>
 </record>
</collection>
